| 000 | 01401namaa22003131i 4500 | ||
|---|---|---|---|
| 005 | 20260303123439.0 | ||
| 008 | 260115s1996 ua a|||frm||| 000 0 eng d | ||
| 040 |
_aEG-GICUC _beng _cEG-GICUC _dEG-GICUC _erda |
||
| 041 | 0 |
_aeng _beng _bara |
|
| 049 | _aDeposit | ||
| 097 | _aPh.D | ||
| 099 | _aCai01.07.8.Ph.D.1996.Ro.S | ||
| 100 | 0 |
_aRodaina Ahmed Hassan Abd El-Wahed, _epreparation. |
|
| 245 | 1 | 0 |
_aStudies on theeffect of certain herbicides for dodder (cuscuta spp.) control in certain leguminous crops / _cBy Rodaina Ahmed Hassan Abd El-Wahed; Supervised Dr. Mohamed A. Zaki, Dr. Hamdy E. El-Metwally. |
| 246 | 1 | 5 | _aدراسات علي تأثير بعض مبيدات الحشاش الكيماوية في مكافحة الحامول في بعض المحاصيل البقولية |
| 264 | 0 | _c1996. | |
| 300 |
_a122 Leaves _billustrations _c30 cm. + |
||
| 336 |
_2rda content _atext |
||
| 337 |
_2rdamedia _aUnmediated |
||
| 338 |
_2rdacarrier _avolume |
||
| 502 | _aThesis (Ph.D)-Cairo University, 1996. | ||
| 504 | _aBibliography: pages 113-122 | ||
| 653 | 0 |
_acertain herbicides _a leguminous crops |
|
| 700 | 0 |
_aMohamed A. Zaki _ethesis advisor. |
|
| 700 | 0 |
_aHamdy E. El-Metwally _ethesis advisor. |
|
| 900 |
_DDepartment of Pesticides _FFaculty of Agriculture _UCairo University _b1996 _cMohamed A. Zaki _cHamdy E. El-Metwally |
||
| 905 |
_aNehad _eNourhan |
||
| 942 |
_2ddc _cTH _e21 _n0 |
||
| 999 | _c177704 | ||